|
|
|
|
| LEADER |
00000nam a22000007a 4500 |
| 005 |
20131126173458.0 |
| 007 |
cr|||| |||| |
| 008 |
131126c20139999sp ||||ss|||| 0|||a1spa d |
| 035 |
|
|
|a 11614
|
| 040 |
|
|
|a vLex
|
| 090 |
|
|
|c 4570
|d 4570
|
| 245 |
0 |
0 |
|a Revista de Derecho vLex
|h [Recurso electrn̤ico]
|
| 256 |
|
|
|a Servicio en ln̕ea
|
| 260 |
|
|
|a [s.l.] :
|b Editorial vlex,
|c 2013 -
|
| 300 |
|
|
|a 1 recurso electrn̤ico
|
| 310 |
|
|
|a Irregular
|
| 362 |
|
|
|a Nm︢. 1 (2013) -
|
| 506 |
1 |
|
|a Contenido solo disponible en los productos indicados
|d vLex Global
|d vLex Global (Academic Edition, excluding Law Schools)
|d vLex Global (U.S. Academic Edition, Law Schools)
|d vLex Global (U.S. Academic Edition, excluding Law Schools)
|d vLex Global (Academic Edition, Law Schools)
|
| 650 |
0 |
4 |
|a Derecho civil
|z Mx̌ico
|
| 650 |
0 |
4 |
|a Derecho Mercantil
|z Mx̌ico
|
| 650 |
0 |
4 |
|a Derecho administrativo
|z Mx̌ico
|
| 650 |
0 |
4 |
|a Derecho laboral
|z Mx̌ico
|
| 650 |
0 |
4 |
|a Derecho Penal
|z Mx̌ico
|
| 650 |
0 |
4 |
|a Derecho fiscal
|z Mx̌ico
|
| 740 |
0 |
|
|a vLex Revistas (Servicio en ln̕ea)
|
| 856 |
4 |
0 |
|u http://vlex.com/source/11614
|z Acceso restringido
|
| 942 |
|
|
|c REV
|
| 999 |
|
0 |
|a Civil Law
|
| 999 |
|
0 |
|a Commercial law
|
| 999 |
|
0 |
|a Labor laws and legislation
|
| 999 |
|
0 |
|a Criminal law
|
| 999 |
|
0 |
|a Administrative law
|